000 00626cam a2200181 4500500
005 20260111080332.0
041 _afre
042 _adc
100 1 0 _aOrange, Gérald
_eauthor
245 0 0 _aLes régions issues de la fusion vont-elles connaître des économies d’échelle ?
260 _c2019.
500 _a34
690 _afinances locales
690 _afusion des régions
690 _arégions
786 0 _nGestion & Finances Publiques | 3 | 3 | 2019-08-29 | p. 46-58 | 1969-1009
856 4 1 _uhttps://droit.cairn.info/revue-gestion-et-finances-publiques-2019-3-page-46?lang=fr&redirect-ssocas=7080
999 _c1616161
_d1616161